[Event "Kuzbass-ch op"]
[Site "Kemerovo"]
[Date "2011.10.20"]
[Round "8"]
[White "Djexembinov, Sergey"]
[Black "Feofanov, Andrei"]
[Result "1-0"]
[WhiteElo "2032"]
[BlackElo "1838"]
[PlyCount "131"]
[EventDate "2011.10.14"]
[EventType "swiss"]
[EventRounds "9"]
[EventCountry "RUS"]
[SourceTitle "EXT 2012"]
[Source "ChessBase"]
[SourceDate "2011.11.24"]
[SourceVersion "1"]
[SourceVersionDate "2011.11.24"]
[SourceQuality "1"]

1. e4 e6 2. d4 d5 3. exd5 exd5 4. Bd3 Nc6 5. c3 Bd6 6. Qf3 Nge7 7. Ne2 0-0 8. Bg5 f6 9. Be3 Be6 10. Nf4 Bxf4 11. Bxf4 Qd7 12. 0-0 Rfe8 13. Nd2 Bf5 14. Rfe1 Bxd3 15. Qxd3 Ng6 16. Bg3 Nce7 17. c4 c6 18. c5 Nf5 19. Nb3 Nxg3 20. hxg3 Rxe1+ 21. Rxe1 Re8 22. Kf1 Kf7 23. f3 Rxe1+ 24. Kxe1 h5 25. Kf2 h4 26. gxh4 Nxh4 27. g3 Nf5 28. Nc1 Ne7 29. Kg2 b6 30. cxb6 axb6 31. a4 c5 32. b3 cxd4 33. Qxd4 Qc6 34. Qd2 d4 35. Ne2 Qd5 36. b4 Nc6 37. b5 Ne7 38. Qxd4 Qa2 39. Kf2 Nd5 40. g4 g5 41. Kg3 Ne7 42. Qe4 Qa1 43. Kf2 Qa2 44. Kg3 Qa1 45. Kf2 Qa2 46. Qb7 Ke6 47. Qe4+ Kf7 48. Qb7 Qe6 49. Nd4 Qa2+ 50. Ne2 Qe6 51. Qc7 Kg6 52. Qc2+ Kf7 53. Nc3 Qc8 54. Qb3+ Kg6 55. Ne4 Qd7 56. Qc2 Qd4+ 57. Kg2 Kf7 58. Qf2 Qd8 59. Qd2 Qc7 60. Qd4 Ng8 61. Qd5+ Kg7 62. Qc6 Qd8 63. a5 bxa5 64. b6 a4 65. b7 Qd1 66. b8Q 1-0